[Event "Titled Tuesday intern op 09th May Late"]
[Site "Chess.com INT"]
[Date "2023.05.09"]
[Round "3"]
[White "Palacio, Igor Da Paz"]
[Black "Bitelmajer, Martin"]
[Result "0-1"]
[WhiteElo "2172"]
[BlackElo "2475"]
[PlyCount "82"]
[EventDate "2023.05.09"]
[EventType "swiss (blitz)"]
[EventRounds "11"]
[EventCountry "USA"]
[SourceTitle "CBM 214 Extra"]
[Source "ChessBase"]
[SourceDate "2023.07.31"]
[SourceVersion "1"]
[SourceVersionDate "2023.07.31"]
[SourceQuality "1"]

1. e4 e6 2. d3 d5 3. Nd2 Nc6 4. Ngf3 Nf6 5. g3 dxe4 6. dxe4 e5 7. Bg2 Bc5 8. 0-0 0-0 9. c3 a5 10. a4 h6 11. h3 Be6 12. Qe2 Qd7 13. Kh2 Rad8 14. Nc4 Bxc4 15. Qxc4 Bb6 16. Kg1 Qd3 17. Qxd3 Rxd3 18. Re1 Rfd8 19. Kf1 Nd7 20. Nd2 Nc5 21. Nc4 Nb3 22. Rb1 Bc5 23. Ke2 f6 24. h4 Kf7 25. Bh3 b6 26. h5 Ke7 27. Bg4 Nb8 28. Bh3 c6 29. Bg4 b5 30. axb5 cxb5 31. Ne3 Nxc1+ 32. Rexc1 Bxe3 33. fxe3 Rd2+ 34. Kf1 Rh2 35. Rd1 Rxd1+ 36. Rxd1 Rxb2 37. Rd5 a4 38. Be2 a3 39. Rxb5 Rxb5 40. Bxb5 a2 41. Kg2 a1Q 0-1

[Event "FIDE World Cup American Qual Gp2"]
[Site "Tornelo INT"]
[Date "2021.05.25"]
[Round "2.2"]
[White "Hoffman, Alejandro"]
[Black "Bitelmajer, Martin"]
[Result "1/2-1/2"]
[WhiteElo "2459"]
[BlackElo "2475"]
[PlyCount "77"]
[EventDate "2021.05.22"]
[EventType "k.o. (rapid)"]
[EventRounds "4"]
[EventCountry "USA"]
[SourceTitle "CBM 202 Extra"]
[Source "ChessBase"]
[SourceDate "2021.07.31"]
[SourceVersion "1"]
[SourceVersionDate "2021.07.31"]
[SourceQuality "1"]

1. d4 Nf6 2. Nf3 e6 3. e3 b6 4. Bd3 Bb7 5. 0-0 d6 6. c4 Nbd7 7. Nc3 g6 8. e4 Bg7 9. Re1 0-0 10. h3 Nh5 11. Bf1 h6 12. Rb1 a6 13. Bd2 e5 14. d5 Qe8 15. b4 f5 16. exf5 gxf5 17. Nd4 Qg6 18. Ne6 Rfc8 19. Rb3 c6 20. Nxg7 Nxg7 21. Bc1 Kh7 22. Qd2 Nf6 23. dxc6 Rxc6 24. Nd5 Nxd5 25. cxd5 Rc7 26. Rg3 Qf6 27. f4 Rac8 28. fxe5 dxe5 29. Bb2 Rc2 30. Bxe5 Qxe5 31. Rxe5 Rxd2 32. Re7 Bxd5 33. Rgxg7+ Kh8 34. Rh7+ Kg8 35. Reg7+ Kf8 36. Rd7 Kg8 37. Rdg7+ Kf8 38. Rd7 Kg8 39. Rdg7+ 1/2-1/2

[Event "PRO League Stage"]
[Site "Chess.com INT"]
[Date "2020.01.29"]
[Round "4"]
[White "Do Valle Cardoso, Lucas"]
[Black "Bitelmajer, Martin"]
[Result "0-1"]
[WhiteElo "2228"]
[BlackElo "2475"]
[PlyCount "44"]
[EventDate "2020.01.06"]
[EventType "team-swiss (rapid)"]
[EventRounds "7"]
[EventCountry "USA"]
[SourceTitle "CBM 194 Extra"]
[Source "ChessBase"]
[SourceDate "2020.03.31"]
[SourceVersion "1"]
[SourceVersionDate "2020.03.31"]
[SourceQuality "1"]
[WhiteTeam "Brazil Capybaras"]
[BlackTeam "Argentina Krakens"]
[WhiteTeamCountry "BRA"]
[BlackTeamCountry "ARG"]

1. e4 e5 2. Nf3 Nc6 3. Bb5 a6 4. Ba4 Nf6 5. d4 exd4 6. 0-0 Be7 7. e5 Ne4 8. Nxd4 0-0 9. Nf5 d5 10. exd6 Nxd6 11. Nxe7+ Nxe7 12. Bb3 Ng6 13. Nc3 Bd7 14. Be3 Bc6 15. Nd5 Nf5 16. Bc5 Re8 17. Qd3 Nfh4 18. Rad1 Qg5 19. Qg3 Qh5 20. Qxc7 Ne5 21. Ne7+ Rxe7 22. Qxe7 Nhf3+ 0-1

[Event "PRO League Stage"]
[Site "Chess.com INT"]
[Date "2020.01.08"]
[Round "1"]
[White "Bitelmajer, Martin"]
[Black "Berchtenbreiter, Maximilian"]
[Result "1-0"]
[WhiteElo "2475"]
[BlackElo "2488"]
[PlyCount "83"]
[EventDate "2020.01.06"]
[EventType "team-swiss (rapid)"]
[EventRounds "7"]
[EventCountry "USA"]
[SourceTitle "CBM 194 Extra"]
[Source "ChessBase"]
[SourceDate "2020.03.31"]
[SourceVersion "1"]
[SourceVersionDate "2020.03.31"]
[SourceQuality "1"]
[WhiteTeam "Argentina Krakens"]
[BlackTeam "UK Lions"]
[WhiteTeamCountry "ARG"]
[BlackTeamCountry "ENG"]

1. d4 Nf6 2. c4 a6 3. Nf3 c5 4. d5 e6 5. Nc3 exd5 6. cxd5 b5 7. Bg5 d6 8. a3 Be7 9. e4 Ra7 10. Be2 Bg4 11. 0-0 0-0 12. b4 Bxf3 13. Bxf3 Nbd7 14. Be3 Rc7 15. Rc1 Qc8 16. bxc5 Nxc5 17. Bd4 Qd8 18. e5 dxe5 19. Bxe5 Bd6 20. Bd4 Re8 21. g3 Rc8 22. Kg2 g6 23. Na2 a5 24. Rb1 Rb8 25. Re1 Rxe1 26. Qxe1 Bf8 27. Be5 Rb6 28. Qxa5 Nd3 29. Bd4 Bc5 30. Bxc5 Nxc5 31. Rxb5 Ncd7 32. Nb4 g5 33. h3 h5 34. d6 g4 35. Rg5+ Kf8 36. hxg4 hxg4 37. Bxg4 Ne4 38. Rh5 Kg7 39. Bxd7 Qf6 40. Rf5 Qxd6 41. Qd5 Qe7 42. Re5 1-0

[Event "PRO League Stage"]
[Site "Chess.com INT"]
[Date "2020.01.08"]
[Round "1"]
[White "Speelman, Jonathan S"]
[Black "Bitelmajer, Martin"]
[Result "1/2-1/2"]
[WhiteElo "2509"]
[BlackElo "2475"]
[PlyCount "95"]
[EventDate "2020.01.06"]
[EventType "team-swiss (rapid)"]
[EventRounds "7"]
[EventCountry "USA"]
[SourceTitle "CBM 194 Extra"]
[Source "ChessBase"]
[SourceDate "2020.03.31"]
[SourceVersion "1"]
[SourceVersionDate "2020.03.31"]
[SourceQuality "1"]
[WhiteTeam "UK Lions"]
[BlackTeam "Argentina Krakens"]
[WhiteTeamCountry "ENG"]
[BlackTeamCountry "ARG"]

1. Nf3 c5 2. c4 g6 3. e3 Nf6 4. b3 Bg7 5. Bb2 0-0 6. Be2 b6 7. 0-0 Bb7 8. d4 cxd4 9. Nxd4 Nc6 10. Bf3 Rc8 11. Nc3 Qc7 12. Nd5 Nxd5 13. Bxd5 Nxd4 14. Bxd4 Bxd5 15. cxd5 Qc2 16. Bxg7 Kxg7 17. Qd4+ Kg8 18. h4 Rc5 19. Rfd1 Qf5 20. Rd2 Rfc8 21. Rad1 d6 22. g3 Qf3 23. Qf4 Qxf4 24. gxf4 Kg7 25. Kg2 Kf6 26. Kf3 Rc3 27. Rd4 R8c5 28. Ra4 a5 29. Rd2 Rc2 30. Rad4 b5 31. R4d3 b4 32. Rd4 R5c3 33. Kg4 Rc1 34. Kg3 Rg1+ 35. Kf3 Rh1 36. Kg3 Rcc1 37. a3 bxa3 38. Ra4 Rc3 39. Rxa3 Rb1 40. Rda2 Rcxb3 41. Rxb3 Rxb3 42. Rxa5 Rd3 43. Kf3 Rd1 44. Kg2 Kf5 45. Ra7 Kf6 46. Ra5 Kf5 47. Ra7 Kf6 48. Ra5 1/2-1/2

[Event "ARG-ch 94th"]
[Site "Buenos Aires"]
[Date "2019.09.20"]
[Round "5"]
[White "Bitelmajer, Martin"]
[Black "Dolezal, Cristian"]
[Result "1-0"]
[WhiteElo "2469"]
[BlackElo "2414"]
[PlyCount "121"]
[EventDate "2019.09.16"]
[EventType "tourn"]
[EventRounds "11"]
[EventCountry "ARG"]
[EventCategory "9"]
[SourceTitle "EXT 2020"]
[Source "ChessBase"]
[SourceDate "2019.10.17"]
[SourceVersion "1"]
[SourceVersionDate "2019.10.17"]
[SourceQuality "1"]

1. d4 e6 2. c4 f5 3. g3 Nf6 4. Bg2 d5 5. Nh3 c6 6. Qc2 Be7 7. 0-0 0-0 8. Nd2 Na6 9. a3 Bd7 10. Nf3 Ne4 11. Nf4 Nc7 12. Nd3 Nd6 13. Nfe5 Be8 14. Bd2 Bh5 15. c5 Nf7 16. Ba5 Nxe5 17. dxe5 Qd7 18. h4 Na6 19. Rfd1 Bg6 20. Qc3 Rab8 21. Rac1 Rfc8 22. Bb4 Qe8 23. Qd4 Nxb4 24. axb4 Bd8 25. Ra1 Ra8 26. Ra3 Bc7 27. Rda1 a6 28. Bh3 Rab8 29. Nf4 Qe7 30. g4 Rf8 31. h5 Be8 32. Rg3 Bd7 33. Kh1 fxg4 34. Bxg4 Rf7 35. Rag1 Rbf8 36. e3 Rf5 37. Bxf5 Rxf5 38. h6 g5 39. Nd3 Be8 40. Qh4 Bg6 41. Rxg5 Kh8 42. R5g4 Qxh4+ 43. Rxh4 Bxe5 44. Nxe5 Rxe5 45. Rgg4 Kg8 46. Rf4 Rg5 47. Rf6 Rf5 48. Rxe6 Kf7 49. Rd6 Rg5 50. Rd7+ Kf6 51. Rxb7 Be4+ 52. Rxe4 dxe4 53. Rxh7 Ke6 54. Ra7 Rh5+ 55. Kg2 Rxh6 56. Rxa6 Kd5 57. b5 Rg6+ 58. Kf1 Rh6 59. Rxc6 Rh1+ 60. Kg2 Rb1 61. Rc7 1-0